000 00308nam a22001337a 4500
008 260223b ||||| |||| 00| 0 eng d
020 _a9951000
041 _aShqip
080 _a2.1
100 _a20.1
101 _aVepra
245 _aSindikatat Gjermane dhe Shkrime tjera
_cFehmi Agani
942 _2lcc
_cBK
999 _c60843
_d60843